US States with most Amtrak stops - Statistics

General Stats
  • This quiz has been taken 188 times
  • The average score is 10 of 12
Answer Stats
Number
of Stops
State % Correct
75 California
100%
27 New York
99%
21 Florida
97%
30 Illinois
97%
24 Pennsylvania
95%
19 Texas
94%
19 Washington
92%
21 Virginia
90%
16 North Carolina
86%
21 Michigan
79%
13 Missouri
71%
14 Vermont
30%
No matching quizzes found
Score Distribution
Percent of People with Each Score
Percentile by Number Answered
Your Score History
You have not taken this quiz